[Event "HUN-chT2 Erkel 0607"]
[Site "Hungary"]
[Date "2007.03.04"]
[Round "6"]
[White "Sleisz, Tamas"]
[Black "Dostan, Janos"]
[Result "1-0"]
[WhiteElo "2249"]
[BlackElo "2315"]
[PlyCount "51"]
[EventDate "2006.11.12"]
[EventType "team"]
[EventRounds "11"]
[EventCountry "HUN"]
[SourceTitle "EXT 2008"]
[Source "ChessBase"]
[SourceDate "2007.11.25"]
[SourceVersion "1"]
[SourceVersionDate "2007.11.25"]
[SourceQuality "1"]
[WhiteTeam "Godollo"]
[BlackTeam "Ujszasz"]
[WhiteTeamCountry "HUN"]
[BlackTeamCountry "HUN"]

1. e4 d6 2. d4 Nf6 3. Nc3 c6 4. f3 Nbd7 5. Be3 e5 6. Qd2 Qa5 7. 0-0-0 b5 8. Kb1 b4 9. Nce2 Rb8 10. Ng3 g6 11. h4 h5 12. f4 Ng4 13. dxe5 Nxe3 14. Qxe3 dxe5 15. f5 Qc5 16. Qb3 Nb6 17. Nf3 a5 18. Ng5 Rb7 19. Ba6 a4 20. Qf3 Qe7 21. Bxb7 Bxb7 22. Rhf1 Bh6 23. fxg6 fxg6 24. Qf7+ Qxf7 25. Nxf7 Rh7 26. Nd6+ 1-0

[Event "HUN-chT 0304"]
[Site "Hungary"]
[Date "2004.03.21"]
[Round "9"]
[White "Sleisz, Tamas"]
[Black "Halasz, Tamas"]
[Result "1-0"]
[WhiteElo "2435"]
[BlackElo "2386"]
[PlyCount "113"]
[EventDate "2003.09.28"]
[EventType "team"]
[EventRounds "11"]
[EventCountry "HUN"]
[SourceTitle "EXT 2006"]
[Source "ChessBase"]
[SourceDate "2005.11.24"]
[SourceVersion "1"]
[SourceVersionDate "2005.11.24"]
[SourceQuality "1"]

1. e4 e5 2. Nf3 Nf6 3. Nxe5 d6 4. Nf3 Nxe4 5. Nc3 Nxc3 6. dxc3 Be7 7. Bf4 0-0 8. Qd2 Nd7 9. 0-0-0 Nc5 10. Nd4 Bf6 11. f3 Re8 12. g4 Ne6 13. Be3 Nxd4 14. Bxd4 Bd7 15. Bd3 Bc6 16. Rhf1 Bxd4 17. cxd4 Qe7 18. Kb1 g6 19. f4 Be4 20. Bxe4 Qxe4 21. Rde1 Qd5 22. f5 gxf5 23. Qg5+ Kf8 24. Qh6+ Kg8 25. Qg5+ Kf8 26. Qf6 Kg8 27. gxf5 Qg2 28. Rg1 Rxe1+ 29. Rxe1 Qg7 30. Qh4 f6 31. a3 Rf8 32. Re4 Kh8 33. Re6 Qg1+ 34. Re1 Qg7 35. b3 a5 36. a4 b6 37. Kb2 Qg5 38. Qe4 Qg7 39. Re3 Qf7 40. Qc6 Rg8 41. Re6 h5 42. Qe4 Rg7 43. Qe3 Kh7 44. d5 Qf8 45. Qf3 Kh6 46. Qf4+ Kh7 47. Qf3 Kh6 48. Qe3+ Kh7 49. h4 Qd8 50. Kc3 Rg4 51. Re7+ Rg7 52. Re6 Rg4 53. Kb2 Rg7 54. Re8 Qd7 55. Qe6 Qxe6 56. dxe6 Rg4 57. Rf8 1-0

[Event "HUN-chT 0304"]
[Site "Hungary"]
[Date "2004.02.08"]
[Round "7"]
[White "Sleisz, Tamas"]
[Black "Antok, Daniel"]
[Result "1-0"]
[WhiteElo "2435"]
[BlackElo "2204"]
[PlyCount "39"]
[EventDate "2003.09.28"]
[EventType "team"]
[EventRounds "11"]
[EventCountry "HUN"]
[SourceTitle "EXT 2006"]
[Source "ChessBase"]
[SourceDate "2005.11.24"]
[SourceVersion "1"]
[SourceVersionDate "2005.11.24"]
[SourceQuality "1"]

1. e4 c5 2. Nf3 d6 3. d4 cxd4 4. Nxd4 Nf6 5. Nc3 a6 6. Bg5 e6 7. Bc4 b5 8. Bb3 Be7 9. Qf3 Qb6 10. 0-0-0 0-0 11. Rhe1 Bb7 12. Qg3 b4 13. Nd5 Nxd5 14. exd5 Bxg5+ 15. Qxg5 e5 16. Nf5 g6 17. Qh6 gxf5 18. Re3 f4 19. Rxe5 dxe5 20. Qxb6 1-0

[Event "HUN-chT2 0102"]
[Site "Hungary"]
[Date "2002.03.24"]
[Round "9"]
[White "Sleisz, Tamas"]
[Black "Horvath, Karoly"]
[Result "1-0"]
[WhiteElo "2241"]
[BlackElo "2092"]
[PlyCount "87"]
[EventDate "2001.??.??"]
[EventType "team"]
[EventRounds "11"]
[EventCountry "HUN"]
[SourceTitle "EXT 2004"]
[Source "ChessBase"]
[SourceDate "2003.11.25"]
[SourceVersion "1"]
[SourceVersionDate "2003.11.25"]
[SourceQuality "1"]

1. e4 e5 2. Nf3 d6 3. d4 Bg4 4. dxe5 Nd7 5. exd6 Bxd6 6. Nc3 Ngf6 7. Bg5 Qe7 8. Bd3 Bb4 9. 0-0 Bxc3 10. bxc3 Ne5 11. Be2 Rd8 12. Nd4 h6 13. Bxf6 Qxf6 14. f4 Bxe2 15. Qxe2 Nc6 16. e5 Nxd4 17. cxd4 Qb6 18. c3 c5 19. Rab1 Qc6 20. f5 cxd4 21. cxd4 0-0 22. Rf4 Qc3 23. Qe4 b6 24. h4 Rc8 25. Rbf1 f6 26. e6 Rfe8 27. d5 Rcd8 28. Rd1 Re7 29. Qb4 Qxb4 30. Rxb4 Rd6 31. Rc4 h5 32. Rc8+ Kh7 33. Rf8 g6 34. Rxf6 gxf5 35. Rxf5 Rexe6 36. Rxh5+ Rh6 37. Rxh6+ Kxh6 38. g4 b5 39. Kf2 a5 40. Ke3 Kg6 41. Ke4 Kf6 42. g5+ Ke7 43. Ke5 b4 44. h5 1-0

[Event "HUN-chT2 0102"]
[Site "Hungary"]
[Date "2001.12.02"]
[Round "4"]
[White "Egri, Laszlo"]
[Black "Sleisz, Tamas"]
[Result "0-1"]
[WhiteElo "2161"]
[BlackElo "2241"]
[PlyCount "106"]
[EventDate "2001.??.??"]
[EventType "team"]
[EventRounds "11"]
[EventCountry "HUN"]
[SourceTitle "EXT 2004"]
[Source "ChessBase"]
[SourceDate "2003.11.25"]
[SourceVersion "1"]
[SourceVersionDate "2003.11.25"]
[SourceQuality "1"]

1. e4 e5 2. Nf3 Nc6 3. d4 exd4 4. c3 d3 5. Bxd3 d6 6. h3 Nf6 7. 0-0 Be7 8. Nd4 Ne5 9. Bc2 c5 10. Ne2 Bd7 11. f4 Ng6 12. c4 Bc6 13. Nbc3 0-0 14. Ng3 Re8 15. b3 Bf8 16. Bb2 a6 17. a4 b6 18. Qd2 Ra7 19. Rad1 Qb8 20. Nd5 Nd7 21. Nf5 f6 22. Nc3 Rd8 23. Nxd6 Nde5 24. fxe5 Nxe5 25. Nd5 Rxd6 26. Bxe5 fxe5 27. Qg5 Rg6 28. Qf5 Bd6 29. h4 b5 30. axb5 axb5 31. h5 Rg3 32. Qe6+ Kh8 33. Nf6 Be7 34. Qxc6 Bxf6 35. Qxb5 Qc8 36. Rd5 Rc7 37. Rd6 Bg5 38. Kh2 Bf4 39. Kh1 Rh3+ 40. Kg1 Be3+ 41. Rf2 Bxf2+ 42. Kxf2 Rxh5 43. Kg1 h6 44. b4 Qf8 45. bxc5 Rg5 46. Qa5 Rc8 47. Qd2 Kh7 48. c6 Qf7 49. Qd5 Qf4 50. Rd8 Qe3+ 51. Kf1 Rxd8 52. Qxd8 Rh5 53. g3 Rh2 0-1

[Event "HUN-chT2 Maroczy 0001"]
[Site "Hungary"]
[Date "2001.01.21"]
[Round "5"]
[White "Hegedus, Gyorgy"]
[Black "Sleisz, Tamas"]
[Result "0-1"]
[WhiteElo "2161"]
[BlackElo "2236"]
[PlyCount "80"]
[EventDate "2000.11.26"]
[EventType "team"]
[EventRounds "11"]
[EventCountry "HUN"]
[SourceTitle "EXT 2007"]
[Source "ChessBase"]
[SourceDate "2006.11.23"]
[SourceVersion "1"]
[SourceVersionDate "2006.11.23"]
[SourceQuality "1"]
[WhiteTeam "Debrecen Nyomdasz"]
[BlackTeam "Godollo"]
[WhiteTeamCountry "HUN"]
[BlackTeamCountry "HUN"]

1. d4 Nf6 2. c4 e6 3. Nf3 b6 4. Nc3 Bb4 5. Bd2 0-0 6. Qb3 c5 7. a3 Bxc3 8. bxc3 Ne4 9. e3 Nc6 10. Bd3 f5 11. Qc2 Nf6 12. 0-0 Ba6 13. Bc1 Na5 14. Nd2 Rc8 15. d5 Ng4 16. e4 Ne5 17. f4 Nxd3 18. Qxd3 fxe4 19. Qxe4 Qf6 20. Rf3 Rce8 21. Qd3 exd5 22. Qxd5+ Qf7 23. Nf1 Bxc4 24. Qxf7+ Rxf7 25. Be3 Rfe7 26. Kf2 Bxf1 27. Rxf1 Nc4 28. Bc1 Re2+ 29. Kg3 Rc2 30. Rd3 d6 31. h4 h5 32. Kf3 Rce2 33. g4 Re1 34. Rd1 Rxf1+ 35. Rxf1 hxg4+ 36. Kxg4 Re3 37. Rg1 Rxc3 38. Kg5 Kf7 39. h5 Rh3 40. Kg4 Rh2 0-1

[Event "HUN-chT2 9900"]
[Site "Hungary"]
[Date "2000.02.13"]
[Round "7"]
[White "Sleisz, Tamas"]
[Black "Vasvari, Tamas"]
[Result "0-1"]
[WhiteElo "2280"]
[BlackElo "2246"]
[PlyCount "80"]
[EventDate "1999.09.26"]
[EventType "team"]
[EventRounds "11"]
[EventCountry "HUN"]
[SourceTitle "EXT 2002"]
[Source "ChessBase"]
[SourceDate "2001.11.25"]
[SourceVersion "1"]
[SourceVersionDate "2001.11.25"]
[SourceQuality "1"]

1. e4 c6 2. d4 d5 3. Nc3 dxe4 4. Nxe4 Bf5 5. Ng3 Bg6 6. Nf3 e6 7. h4 h6 8. h5 Bh7 9. Bd3 Bxd3 10. Qxd3 Nd7 11. Bd2 Qb6 12. 0-0-0 0-0-0 13. Bf4 Qa5 14. Kb1 Ngf6 15. c4 c5 16. d5 exd5 17. cxd5 Qb6 18. Nd2 Qb4 19. Rh4 Qa4 20. b3 Qa6 21. Qf5 Rg8 22. Be3 g6 23. Qc2 Nxd5 24. Ra4 Qc6 25. Rxa7 Kb8 26. Ra4 b5 27. Ra5 Qb6 28. b4 Nxb4 29. Bf4+ Kb7 30. Qe4+ Nc6 31. Nb3 Nf6 32. Rxd8 Nxe4 33. Raa8 Nxd8 34. Rb8+ Kc6 35. Rxb6+ Kxb6 36. Nxe4 gxh5 37. Nf6 Rxg2 38. Nd7+ Kc6 39. Nxf8 Rxf2 40. Be3 Rf1+ 0-1

[Event "HUN-chT2 9900"]
[Site "Hungary"]
[Date "1999.10.17"]
[Round "3"]
[White "Czegledi, Laszlo"]
[Black "Sleisz, Tamas"]
[Result "0-1"]
[WhiteElo "2290"]
[BlackElo "2280"]
[PlyCount "142"]
[EventDate "1999.09.26"]
[EventType "team"]
[EventRounds "11"]
[EventCountry "HUN"]
[SourceTitle "EXT 2002"]
[Source "ChessBase"]
[SourceDate "2001.11.25"]
[SourceVersion "1"]
[SourceVersionDate "2001.11.25"]
[SourceQuality "1"]

1. e4 d6 2. d4 Nf6 3. Nc3 g6 4. f4 Bg7 5. Nf3 0-0 6. Bc4 c6 7. Bb3 Na6 8. Qe2 Bg4 9. h3 Bxf3 10. Qxf3 e6 11. Be3 d5 12. e5 Nd7 13. 0-0 Qa5 14. Ne2 f6 15. Qg3 c5 16. c4 Kh8 17. cxd5 exd5 18. dxc5 fxe5 19. Bxd5 Naxc5 20. fxe5 Bxe5 21. Nf4 Rf6 22. Rab1 Nd3 23. Be4 Nxf4 24. Bxf4 Bxf4 25. Rxf4 Qe5 26. Rg4 Qc5+ 27. Kh2 Re8 28. Rd1 Nb6 29. Rf4 Rxf4 30. Qxf4 Qe7 31. Bf3 Rf8 32. Qg3 Rf7 33. Re1 Qc7 34. Re8+ Kg7 35. Rb8 Nc4 36. b3 Qxg3+ 37. Kxg3 Nd6 38. Bd5 Re7 39. Kf3 b6 40. g4 Nb5 41. g5 h6 42. h4 hxg5 43. hxg5 Nc3 44. Bc4 Nxa2 45. Rg8+ Kh7 46. Rf8 Nb4 47. Rf6 Kg7 48. Kf4 b5 49. Be6 Nd3+ 50. Kg3 Nc5 51. Bd5 Rd7 52. Bc6 Rd3+ 53. Kf4 Rxb3 54. Be8 b4 55. Rf7+ Kg8 56. Rxa7 Ra3 57. Bf7+ Kf8 58. Rc7 Rc3 59. Ra7 Ra3 60. Rc7 Ra5 61. Ke3 Na6 62. Ra7 Rxg5 63. Bc4 Nc5 64. Rf7+ Ke8 65. Rg7 b3 66. Bf7+ Kf8 67. Rxg6 b2 68. Rb6 Rg3+ 69. Kf4 Rg1 70. Ba2 Ra1 71. Kf5 Rxa2 0-1

[Event "Cseppko op-A 08th"]
[Site "Aggtelek"]
[Date "1999.07.11"]
[Round "9"]
[White "Cioara, Andrei Nestor"]
[Black "Sleisz, Tamas"]
[Result "1-0"]
[WhiteElo "2423"]
[BlackElo "2280"]
[PlyCount "85"]
[EventDate "1999.07.11"]
[EventType "swiss"]
[EventRounds "9"]
[EventCountry "HUN"]
[SourceTitle "EXT 2001"]
[Source "ChessBase"]
[SourceDate "2000.11.22"]
[SourceVersion "1"]
[SourceVersionDate "2000.11.22"]
[SourceQuality "1"]

1. e4 c5 2. Nf3 d6 3. d4 cxd4 4. Nxd4 Nf6 5. Nc3 a6 6. Be3 e5 7. Nb3 Be6 8. Qd2 Be7 9. f3 Nbd7 10. g4 h6 11. 0-0-0 b5 12. h4 Nb6 13. Qf2 Nc4 14. Bxc4 Bxc4 15. g5 Nh5 16. gxh6 g6 17. Nd5 Bxd5 18. Rxd5 0-0 19. Kb1 Qc8 20. Nc1 Qe6 21. Qg2 Kh7 22. Ne2 f5 23. Bg5 Rf7 24. Rhd1 Bf8 25. a3 Raa7 26. Ng3 Nf6 27. R5d3 f4 28. Nf1 Nd7 29. Nh2 Nc5 30. Rd5 a5 31. b3 Rac7 32. Bd8 Rc6 33. Bxa5 Ra7 34. Bb4 Na6 35. Qg4 Qf6 36. h5 gxh5 37. Qxh5 Nxb4 38. Ng4 Qg6 39. Qxg6+ Kxg6 40. axb4 Rac7 41. R1d2 Rc3 42. Rg2 Kh7 43. Nf6+ 1-0

[Event "Cseppko op-A 08th"]
[Site "Aggtelek"]
[Date "1999.07.07"]
[Round "5"]
[White "Sleisz, Tamas"]
[Black "Benedek, Zoltan"]
[Result "0-1"]
[WhiteElo "2280"]
[BlackElo "2153"]
[PlyCount "72"]
[EventDate "1999.07.11"]
[EventType "swiss"]
[EventRounds "9"]
[EventCountry "HUN"]
[SourceTitle "EXT 2001"]
[Source "ChessBase"]
[SourceDate "2000.11.22"]
[SourceVersion "1"]
[SourceVersionDate "2000.11.22"]
[SourceQuality "1"]

1. e4 Nf6 2. e5 Nd5 3. d4 d6 4. c4 Nb6 5. f4 dxe5 6. fxe5 Nc6 7. Be3 Bf5 8. Nc3 e6 9. Nf3 Be7 10. d5 Nb4 11. Nd4 Bg6 12. a3 c5 13. axb4 cxd4 14. Qxd4 Bxb4 15. d6 0-0 16. Be2 Nd7 17. Bf4 Bc5 18. Qd2 f6 19. exf6 Qxf6 20. Rf1 Qh4+ 21. Bg3 Rxf1+ 22. Bxf1 Qf6 23. 0-0-0 Bb4 24. Be2 Nc5 25. Rf1 Nb3+ 26. Kd1 Nxd2 27. Rxf6 gxf6 28. Kxd2 Rd8 29. Bg4 Kf7 30. Ke2 Bxd6 31. Bf2 b6 32. Nb5 Bb4 33. Nxa7 Rd2+ 34. Kf3 f5 35. Bh3 Bh5+ 36. Ke3 Re2+ 0-1

[Event "Cseppko op-A 08th"]
[Site "Aggtelek"]
[Date "1999.07.07"]
[Round "3"]
[White "Sleisz, Tamas"]
[Black "Boer, Levente"]
[Result "1/2-1/2"]
[WhiteElo "2280"]
[BlackElo "2199"]
[PlyCount "102"]
[EventDate "1999.07.11"]
[EventType "swiss"]
[EventRounds "9"]
[EventCountry "HUN"]
[SourceTitle "EXT 2001"]
[Source "ChessBase"]
[SourceDate "2000.11.22"]
[SourceVersion "1"]
[SourceVersionDate "2000.11.22"]
[SourceQuality "1"]

1. e4 c5 2. Nf3 Nc6 3. d4 cxd4 4. Nxd4 Qc7 5. Nb5 Qb8 6. c4 a6 7. N5c3 e6 8. Be3 d6 9. Be2 Nf6 10. 0-0 Be7 11. Na3 0-0 12. f4 Qc7 13. Nc2 b6 14. Rc1 Bb7 15. Nd4 Rac8 16. g4 Nd7 17. g5 Nc5 18. f5 Nxd4 19. Qxd4 e5 20. Qd2 Nxe4 21. Nxe4 Bxe4 22. f6 Bd8 23. Bg4 Rb8 24. Qf2 Qb7 25. b4 Bd3 26. Rfd1 Qe4 27. h3 Qg6 28. Rc3 e4 29. Bd4 Qxg5 30. fxg7 Re8 31. Kh1 d5 32. Re1 dxc4 33. Qg3 Qh4 34. Qg1 Bg5 35. Ra3 Bd2 36. Rd1 Bxb4 37. Rxa6 e3 38. Bxe3 Be4+ 39. Kh2 Qf6 40. Qg3 Qb2+ 41. Kg1 c3 42. Bh5 Qg2+ 43. Qxg2 Bxg2 44. Kxg2 Rxe3 45. Ra7 Kxg7 46. Rxf7+ Kh6 47. Bg4 Rf8 48. Rc7 Bc5 49. a4 Re4 50. a5 c2 51. Rc1 Rc4 1/2-1/2

[Event "Cseppko op-A 08th"]
[Site "Aggtelek"]
[Date "1999.07.07"]
[Round "4"]
[White "Suto, Gabor"]
[Black "Sleisz, Tamas"]
[Result "1/2-1/2"]
[WhiteElo "2232"]
[BlackElo "2280"]
[PlyCount "107"]
[EventDate "1999.07.11"]
[EventType "swiss"]
[EventRounds "9"]
[EventCountry "HUN"]
[SourceTitle "EXT 2001"]
[Source "ChessBase"]
[SourceDate "2000.11.22"]
[SourceVersion "1"]
[SourceVersionDate "2000.11.22"]
[SourceQuality "1"]

1. d4 Nf6 2. c4 e6 3. Nf3 b6 4. g3 Ba6 5. Qa4 c5 6. Bg2 Bb7 7. dxc5 Bxc5 8. 0-0 0-0 9. Nc3 Nc6 10. Bg5 h6 11. Bxf6 Qxf6 12. Ne4 Qf5 13. Nxc5 Qxc5 14. Rfd1 Rfd8 15. Rac1 a6 16. a3 Rac8 17. b4 Qe7 18. Nd4 Nxd4 19. Bxb7 Nxe2+ 20. Kf1 Nxc1 21. Bxc8 Rxc8 22. Qxa6 Qd8 23. Rxc1 Ra8 24. Qb5 Rxa3 25. Rd1 Ra7 26. Kg1 g6 27. h4 h5 28. Kh2 d5 29. cxd5 Rd7 30. d6 Rxd6 31. Rxd6 Qxd6 32. Qe8+ Kg7 33. b5 Qd4 34. Kg1 e5 35. Qc6 Kf8 36. Qc8+ Ke7 37. Qc7+ Ke6 38. Qc6+ Qd6 39. Qe8+ Kf6 40. Qh8+ Kf5 41. Qc8+ Qe6 42. Qc2+ Kf6 43. Qc7 e4 44. Qc3+ Kf5 45. Qd4 g5 46. hxg5 Kxg5 47. Qg7+ Kf5 48. Qd4 f6 49. Kh2 h4 50. gxh4 Kg4 51. Qe3 Qd6+ 52. Kg2 Qd5 53. Kh2 Qd6+ 54. Kg2 1/2-1/2

[Event "Papp Bela Memorial"]
[Site "Budapest"]
[Date "1998.??.??"]
[Round "?"]
[White "Sleisz, Tamas"]
[Black "Goczo, Melinda"]
[Result "1-0"]
[WhiteElo "2270"]
[BlackElo "2170"]
[PlyCount "93"]
[EventDate "1998.??.??"]
[EventType "swiss"]
[EventRounds "9"]
[EventCountry "HUN"]
[SourceTitle "EXT 2002"]
[Source "ChessBase"]
[SourceDate "2001.11.25"]
[SourceVersion "1"]
[SourceVersionDate "2001.11.25"]
[SourceQuality "1"]

1. e4 e6 2. d4 d5 3. Nd2 c5 4. exd5 exd5 5. Ngf3 Nc6 6. Bb5 Bd6 7. 0-0 Nge7 8. dxc5 Bxc5 9. Nb3 Bd6 10. Re1 0-0 11. Bg5 Qc7 12. c3 Bg4 13. h3 Bh5 14. Bxe7 Nxe7 15. Be2 a6 16. Nfd4 Bxe2 17. Qxe2 Rad8 18. Rad1 Qd7 19. Qf3 Rfe8 20. Re2 Bb8 21. Rde1 Ng6 22. Rxe8+ Rxe8 23. Rxe8+ Qxe8 24. g3 Qe1+ 25. Kg2 Qe5 26. Nc5 Ba7 27. Ndb3 Ne7 28. Nxb7 Qc7 29. N3a5 h6 30. b4 Bb6 31. Qe2 g6 32. Qxa6 Nf5 33. Qd3 Qe5 34. Nb3 Qe1 35. N7c5 Bc7 36. Nd4 Bxg3 37. fxg3 Ne3+ 38. Kf3 Nd1 39. Qe2 Qh1+ 40. Kf4 Kh7 41. Ke5 Nxc3 42. Qf3 Qe1+ 43. Kd6 Kg7 44. Nce6+ Kg8 45. Ke7 f5 46. Qf4 Ne4 47. Qb8+ 1-0

[Event "HUN-chT 9697"]
[Site "Hungary"]
[Date "1997.??.??"]
[Round "7"]
[White "Baranyai, Szabolcs Jr"]
[Black "Sleisz, Tamas"]
[Result "1/2-1/2"]
[WhiteElo "2185"]
[BlackElo "2280"]
[PlyCount "89"]
[EventDate "1996.??.??"]
[EventType "team"]
[EventRounds "12"]
[EventCountry "HUN"]
[SourceTitle "EXT 2006"]
[Source "ChessBase"]
[SourceDate "2005.11.24"]
[SourceVersion "1"]
[SourceVersionDate "2005.11.24"]
[SourceQuality "1"]
[WhiteTeam "Hajduszoboszlo"]
[BlackTeam "Miskolc"]
[WhiteTeamCountry "HUN"]
[BlackTeamCountry "HUN"]

1. e4 c5 2. b3 a6 3. Bb2 Nc6 4. Nf3 e6 5. d4 cxd4 6. Nxd4 Nf6 7. Nxc6 bxc6 8. Bd3 d5 9. e5 Nd7 10. 0-0 Bc5 11. Qg4 0-0 12. Nd2 a5 13. Nf3 Be7 14. Qh5 g6 15. Qh6 Re8 16. Rae1 Ba6 17. Bxa6 Rxa6 18. Bc1 c5 19. Ng5 Nf8 20. h4 f6 21. Nf3 Nd7 22. h5 Bf8 23. Qe3 gxh5 24. Qf4 f5 25. g3 Be7 26. Kg2 Nf8 27. Qh6 Ng6 28. Ng5 Bxg5 29. Bxg5 Qd7 30. Qxh5 Ra7 31. Rh1 d4 32. Bf6 Qb7+ 33. f3 Qf7 34. Qg5 Rb8 35. Rh6 Rbb7 36. Reh1 Qe8 37. R1h5 a4 38. Qd2 axb3 39. axb3 Qb5 40. Kf2 Ra1 41. Rh1 Rba7 42. Qe2 Qb4 43. Qd3 Rxh1 44. Rxh1 Ra5 45. Re1 1/2-1/2

[Event "Papp Bela Memorial"]
[Site "Budapest"]
[Date "1997.??.??"]
[Round "?"]
[White "Ezsol, Miklos"]
[Black "Sleisz, Tamas"]
[Result "1-0"]
[WhiteElo "2345"]
[BlackElo "2265"]
[PlyCount "99"]
[EventDate "1997.??.??"]
[EventType "swiss"]
[EventRounds "11"]
[EventCountry "HUN"]
[SourceTitle "EXT 2002"]
[Source "ChessBase"]
[SourceDate "2001.11.25"]
[SourceVersion "1"]
[SourceVersionDate "2001.11.25"]
[SourceQuality "1"]

1. e4 e5 2. Nf3 Nc6 3. Bb5 a6 4. Ba4 Nf6 5. Qe2 d6 6. c3 Bg4 7. d3 Be7 8. Nbd2 0-0 9. h3 Bd7 10. Nf1 Re8 11. Bc2 d5 12. Ng3 h6 13. 0-0 Bc5 14. Nh4 Be6 15. Nhf5 Ne7 16. Qf3 Nxf5 17. Nxf5 Bxf5 18. Qxf5 dxe4 19. dxe4 Qd7 20. Qf3 Qc6 21. Bd2 Rad8 22. Rad1 Rd6 23. Bc1 Red8 24. Rxd6 Rxd6 25. Re1 Nh7 26. Qg3 Rf6 27. Rf1 Qd6 28. Kh2 a5 29. a3 Qe6 30. Be3 Qb6 31. Bxc5 Qxc5 32. b4 Qc4 33. Kg1 Qe2 34. Bd1 Qxe4 35. Bf3 Qf5 36. Bxb7 axb4 37. cxb4 Ng5 38. Qg4 Qd3 39. Qg3 Qb5 40. Bc8 Ne4 41. Qe3 Nd6 42. Bg4 e4 43. Rc1 Qe5 44. Rxc7 h5 45. Bd7 g6 46. Rc2 Qa1+ 47. Qc1 Qd4 48. Qb2 Qd1+ 49. Kh2 Kg7 50. Rd2 1-0

[Event "Heves Rainbow op"]
[Site "Heves"]
[Date "1997.??.??"]
[Round "6"]
[White "Foldi, Istvan"]
[Black "Sleisz, Tamas"]
[Result "1-0"]
[WhiteElo "2365"]
[BlackElo "2265"]
[PlyCount "117"]
[EventDate "1997.??.??"]
[EventType "swiss"]
[EventRounds "7"]
[EventCountry "HUN"]
[SourceTitle "EXT 2004"]
[Source "ChessBase"]
[SourceDate "2003.11.25"]
[SourceVersion "1"]
[SourceVersionDate "2003.11.25"]
[SourceQuality "1"]

1. d4 e6 2. Nf3 Nf6 3. c4 b6 4. g3 Ba6 5. b3 Bb4+ 6. Bd2 Be7 7. Nc3 d5 8. cxd5 exd5 9. Bg2 c6 10. 0-0 Nbd7 11. Qc2 0-0 12. Rfe1 Rc8 13. Rad1 Qc7 14. Bh3 Rfe8 15. Bg5 Rcd8 16. Qb2 h6 17. Bf4 Bd6 18. Bxd6 Qxd6 19. Rc1 Bc8 20. Rc2 Nb8 21. Bxc8 Rxc8 22. Rec1 Rcd8 23. e3 Qe6 24. Kg2 Ne4 25. Re2 Rd6 26. Qa3 Rd7 27. Ne5 Nxc3 28. Rxc3 Rc7 29. Rec2 Rec8 30. Qc1 f6 31. Nd3 Nd7 32. Nf4 Qf5 33. h3 Nb8 34. g4 Qd7 35. Qd1 f5 36. gxf5 Qxf5 37. Qg4 Rf8 38. Ne6 Re7 39. Nxf8 Qxg4+ 40. hxg4 Kxf8 41. Kf3 Re6 42. Ke2 Ke7 43. Kd3 Kd6 44. f3 Rg6 45. Rg2 Nd7 46. b4 Nb8 47. e4 dxe4+ 48. fxe4 Na6 49. a3 Nb8 50. Rc1 Nd7 51. Rf1 Ke6 52. a4 Nf6 53. Rf4 Nh5 54. Rf5 Nf6 55. g5 Nh7 56. Rc2 Kd6 57. gxh6 Rg3+ 58. Kc4 gxh6 59. Rh2 1-0